00909cam a2200277 4500001001300000003000400013005001700017008004100034010001700075025001900092040001800111043001200129050001700141082001300158111005600171245006100227260002300288300002600311350001100337490004000348500006500388650003400453710004400487810008300531999001700614sa 68019514 DLC20260227112718.0720211s1966 ii c 100 0 eng  asa 68019514  aPL480:I-E-7778 aDLCcDLCdDLC aa-ii---00aML37.I5bH5500a781.7/542 aHindustani Music Seminar,cHyderabad, India,d1962.10aSouvenir on Hindustani music Festival and Seminar, 1962. a[Hyderabad,c1966] a71 p.bports.c24 cm. aRs3.001 aA.P.S.N. Akademi. Publication no. 7 aSeminar organized by Andhra Pradesh Sangeeta Nataka Akademi. 0aHindustani musicvCongresses.2 aAndhra Pradesh Sangeeta Nataka Akademi.2 aAndhra Pradesh Sangeeta Nataka Akademi.tA.P.S.N. Akademi publication,vno. 7. c88937d88937